Sankčné postihy na úseku ochrany ŽP v r. 1991.

Pokuty patriace medzi sankčné ekonomické nástroje trestajúce ekologicky nevhodné správanie sa. Pokuty sa ukladajú za porušovanie povinností, neoprávnené zmocnenie sa práv, za porušenie ustanovení legislatívnych a hygienických noriem. Celkové vyhodnotenie pokút za r. 1991 v SR z dostupných právoplatn...

Ausführliche Beschreibung

Gespeichert in:
Bibliographische Detailangaben
1. Verfasser: Lešková, M.
Format: Buchkapitel
Sprache:Slowakisch
Schlagworte:
Tags: Tag hinzufügen
Keine Tags, Fügen Sie das erste Tag hinzu!

MARC

LEADER 00000naa a2200000 4500
001 r010570
005 20220831091046.5
041 0 |a slo 
044 |a [CS] 
245 1 0 |a Sankčné postihy na úseku ochrany ŽP v r. 1991.  |c M. Lešková 
520 |a Pokuty patriace medzi sankčné ekonomické nástroje trestajúce ekologicky nevhodné správanie sa. Pokuty sa ukladajú za porušovanie povinností, neoprávnené zmocnenie sa práv, za porušenie ustanovení legislatívnych a hygienických noriem. Celkové vyhodnotenie pokút za r. 1991 v SR z dostupných právoplatných rozhodnutí. 
610 2 0 |a ochrana prostredia životného 
610 2 0 |a sankcie 
610 2 0 |a Slovensko 
610 2 0 |a 1991 
610 2 0 |a pokuty 
100 1 |a Lešková, M.